[Event "Hamburg-ch Seniors 65+ op 26th"]
[Site "Hamburg"]
[Date "2019.11.14"]
[Round "4"]
[White "Ditmas, Hugh"]
[Black "Paulsen, Helmut"]
[Result "1-0"]
[WhiteElo "1961"]
[BlackElo "1739"]
[PlyCount "65"]
[EventDate "2019.11.11"]
[EventType "swiss"]
[EventRounds "9"]
[EventCountry "GER"]
[SourceTitle "EXT 2022"]
[Source "ChessBase"]
[SourceDate "2021.10.06"]
[SourceVersion "1"]
[SourceVersionDate "2021.10.06"]
[SourceQuality "1"]

1. d4 d5 2. c4 e6 3. Nf3 Nf6 4. Nc3 Nbd7 5. Bg5 c6 6. e3 Be7 7. Rc1 0-0 8. Bd3 c5 9. 0-0 b6 10. cxd5 Nxd5 11. Bxe7 Qxe7 12. Nxd5 exd5 13. Qa4 h6 14. Qc6 Rb8 15. Qxd5 Bb7 16. Qf5 g6 17. Qf4 Kg7 18. Rfd1 Rfd8 19. Be2 Bxf3 20. Bxf3 Nf6 21. h4 Rbc8 22. d5 Ne8 23. e4 Qf6 24. Qxf6+ Kxf6 25. Bg4 Rc7 26. f4 h5 27. e5+ Kg7 28. d6 Rb7 29. Bf3 Rbb8 30. a3 a5 31. b4 axb4 32. axb4 cxb4 33. d7 1-0

[Event "Hamburg-ch Seniors 65+"]
[Site "Hamburg"]
[Date "2018.11.06"]
[Round "7"]
[White "Paulsen, Helmut"]
[Black "Schmeichel, Wolfgang"]
[Result "1-0"]
[WhiteElo "1736"]
[BlackElo "1655"]
[PlyCount "43"]
[EventDate "2018.10.31"]
[EventType "swiss"]
[EventRounds "9"]
[EventCountry "GER"]
[SourceTitle "CBM 189 Extra"]
[Source "ChessBase"]
[SourceDate "2019.06.03"]
[SourceVersion "1"]
[SourceVersionDate "2019.06.03"]
[SourceQuality "1"]

1. b4 Nf6 2. Bb2 a5 3. b5 e6 4. c4 Be7 5. e3 0-0 6. Nf3 d5 7. a4 c6 8. d4 Bb4+ 9. Nbd2 Ne4 10. Bd3 Nxd2 11. Nxd2 Nd7 12. 0-0 Nf6 13. Rc1 b6 14. Nf3 Bb7 15. Ne5 Rc8 16. Qb3 Qd6 17. h3 Nd7 18. cxd5 cxd5 19. Rfd1 Rxc1 20. Rxc1 Rc8 21. Rxc8+ Bxc8 22. Qc2 1-0

[Event "Hamburg-ch Seniors 23rd"]
[Site "Hamburg"]
[Date "2016.11.07"]
[Round "6"]
[White "Hofmeier, Arthur"]
[Black "Paulsen, Helmut"]
[Result "0-1"]
[WhiteElo "1597"]
[BlackElo "1750"]
[PlyCount "86"]
[EventDate "2016.11.02"]
[EventType "swiss"]
[EventRounds "9"]
[EventCountry "GER"]
[SourceTitle "EXT 2019"]
[Source "ChessBase"]
[SourceDate "2018.10.10"]
[SourceVersion "1"]
[SourceVersionDate "2018.10.10"]
[SourceQuality "1"]

1. d4 d5 2. c4 c6 3. Nc3 Nf6 4. e3 e6 5. Qb3 Nbd7 6. Bd2 a5 7. Be2 Bd6 8. c5 Bc7 9. Bf3 0-0 10. Nge2 b6 11. cxb6 Nxb6 12. Na4 Nc4 13. Qc2 Qd6 14. Ng3 Rb8 15. 0-0 Nxd2 16. Qxd2 Ne4 17. Qc2 Nxg3 18. fxg3 Re8 19. Rfe1 e5 20. dxe5 Rxe5 21. Kh1 Bd7 22. Nc5 Rbe8 23. e4 d4 24. Nd3 Rb5 25. b3 f6 26. Qf2 c5 27. Rac1 Bb6 28. Re2 Ba7 29. Rce1 Rbb8 30. e5 fxe5 31. Rxe5 Rxe5 32. Rxe5 Bb5 33. Rd5 Qg6 34. Nxc5 Qb1+ 35. Qg1 Qxa2 36. Nd7 Bxd7 37. Rxd7 Bc5 38. Bd5+ Kh8 39. h3 Qb2 40. Qf1 Qc3 41. Qf7 d3 42. Bc4 d2 43. Qd5 Qc1+ 0-1

[Event "Hamburg-ch Seniors 22nd"]
[Site "Hamburg"]
[Date "2015.11.01"]
[Round "6"]
[White "Wolke, Reimund"]
[Black "Paulsen, Helmut"]
[Result "1-0"]
[WhiteElo "1887"]
[BlackElo "1790"]
[PlyCount "79"]
[EventDate "2015.10.28"]
[EventType "swiss"]
[EventRounds "9"]
[EventCountry "GER"]
[SourceTitle "EXT 2018"]
[Source "ChessBase"]
[SourceDate "2017.10.13"]
[SourceVersion "1"]
[SourceVersionDate "2017.10.13"]
[SourceQuality "1"]

1. e4 e5 2. Nf3 Nc6 3. Bb5 d6 4. 0-0 Nf6 5. d4 exd4 6. Nxd4 Bd7 7. Bxc6 bxc6 8. Nc3 Be7 9. Bg5 0-0 10. h3 Rb8 11. Qf3 c5 12. Nf5 Bxf5 13. Qxf5 Nd7 14. Bxe7 Qxe7 15. Nd5 Qd8 16. b3 c6 17. Ne3 Re8 18. Rfe1 Nf6 19. Ng4 Nxg4 20. hxg4 Re5 21. Qf4 Qe7 22. Kf1 Rb4 23. c4 Rb8 24. Rad1 Rd8 25. Re3 a5 26. Rde1 Re8 27. Qf3 f6 28. Qe2 Qc7 29. Qd2 Kf7 30. f3 Rd8 31. Rd3 Ree8 32. Rd1 Ke7 33. Qf4 Qc8 34. Rxd6 Rxd6 35. Qxd6+ Kf7 36. Qxc5 Re5 37. Qa7+ Re7 38. Qxa5 Qb8 39. Qd2 Qh2 40. Qf2 1-0

[Event "Hamburg-ch Seniors 22nd"]
[Site "Hamburg"]
[Date "2015.10.31"]
[Round "4"]
[White "Schild, Andreas"]
[Black "Paulsen, Helmut"]
[Result "1-0"]
[WhiteElo "1814"]
[BlackElo "1790"]
[PlyCount "51"]
[EventDate "2015.10.28"]
[EventType "swiss"]
[EventRounds "9"]
[EventCountry "GER"]
[SourceTitle "EXT 2018"]
[Source "ChessBase"]
[SourceDate "2017.10.13"]
[SourceVersion "1"]
[SourceVersionDate "2017.10.13"]
[SourceQuality "1"]

1. e4 e5 2. Nf3 Nc6 3. Bc4 Bc5 4. b4 Bxb4 5. c3 Be7 6. Qb3 Nh6 7. d4 Na5 8. Qb5 Nxc4 9. Bxh6 gxh6 10. Qxc4 exd4 11. cxd4 d6 12. Nc3 Rg8 13. g3 c6 14. d5 Bd7 15. Rb1 Rb8 16. 0-0 b5 17. Qd3 b4 18. dxc6 Bxc6 19. Qc4 Qb6 20. Nd5 Bxd5 21. exd5 Kd7 22. Qf4 Rg7 23. Rbc1 b3 24. axb3 Qxb3 25. Qf5+ Kd8 26. Rb1 1-0

[Event "Hamburg-ch Seniors 21st"]
[Site "Hamburg"]
[Date "2014.11.06"]
[Round "9"]
[White "Bartlitz, Heinz"]
[Black "Paulsen, Helmut"]
[Result "1/2-1/2"]
[WhiteElo "1477"]
[BlackElo "1594"]
[PlyCount "71"]
[EventDate "2014.10.29"]
[EventType "swiss"]
[EventRounds "9"]
[EventCountry "GER"]
[SourceTitle "EXT 2018"]
[Source "ChessBase"]
[SourceDate "2017.10.13"]
[SourceVersion "1"]
[SourceVersionDate "2017.10.13"]
[SourceQuality "1"]

1. e4 e5 2. Nf3 Nc6 3. Bb5 d6 4. c3 Nf6 5. d3 Be7 6. 0-0 0-0 7. h3 h6 8. Nbd2 Bd7 9. Re1 Re8 10. Nf1 a6 11. Ba4 b5 12. Bc2 Nh7 13. N3h2 Bg5 14. Be3 Bxe3 15. Nxe3 Nf6 16. Rf1 Be6 17. Nhg4 Nxg4 18. Nxg4 Qg5 19. Qf3 Bxg4 20. Qxg4 Qxg4 21. hxg4 Ne7 22. Bb3 c6 23. g3 d5 24. f4 Rad8 25. Rad1 f6 26. f5 Kh7 27. Kg2 c5 28. c4 dxc4 29. dxc4 Nc6 30. cxb5 axb5 31. Bd5 Nd4 32. Rc1 c4 33. b3 cxb3 34. axb3 Rc8 35. Kf2 b4 36. Bc4 1/2-1/2

[Event "Hamburg-ch Seniors 21st"]
[Site "Hamburg"]
[Date "2014.11.02"]
[Round "5"]
[White "Hofmeier, Arthur"]
[Black "Paulsen, Helmut"]
[Result "0-1"]
[WhiteElo "1247"]
[BlackElo "1594"]
[PlyCount "99"]
[EventDate "2014.10.29"]
[EventType "swiss"]
[EventRounds "9"]
[EventCountry "GER"]
[SourceTitle "EXT 2018"]
[Source "ChessBase"]
[SourceDate "2017.10.13"]
[SourceVersion "1"]
[SourceVersionDate "2017.10.13"]
[SourceQuality "1"]

1. e4 e5 2. Bc4 Nf6 3. d3 d6 4. h3 Be7 5. Nd2 0-0 6. a3 Nbd7 7. b4 Nb6 8. Bb3 d5 9. Qf3 c6 10. Ne2 Qc7 11. Ng3 dxe4 12. dxe4 c5 13. Qc3 Qd6 14. 0-0 cxb4 15. axb4 Be6 16. Ba3 Rfc8 17. Qb2 Qxd2 18. Rad1 Qc3 19. Qa2 Bxb3 20. cxb3 Qc2 21. Bb2 Bxb4 22. Rc1 Qd3 23. Bxe5 Qd8 24. Rcd1 Qe7 25. f4 a5 26. Nf5 Qf8 27. Qe2 Rc6 28. Kh1 Rac8 29. g4 Nbd7 30. Ba1 Qe8 31. e5 Kf8 32. Qf3 Ng8 33. e6 fxe6 34. Nxg7 Qf7 35. f5 exf5 36. Nxf5 Ngf6 37. g5 Ne8 38. Qf4 Bc3 39. g6 Rxg6 40. Rxd7 Qxd7 41. Nd6+ Rf6 42. Qh6+ Qg7 43. Rxf6+ Bxf6 44. Qf4 Rc6 45. Ne4 Kg8 46. Nxf6+ Rxf6 47. Bxf6 Qxf6 48. Qc4+ Qf7 49. Qb5 Nf6 50. Qxa5 0-1

[Event "Hamburg Seniors-ch 20th"]
[Site "Hamburg"]
[Date "2013.11.06"]
[Round "8"]
[White "Paulsen, Helmut"]
[Black "Stubbe, Werner"]
[Result "0-1"]
[WhiteElo "1605"]
[BlackElo "1786"]
[PlyCount "68"]
[EventDate "2013.10.30"]
[EventType "swiss"]
[EventRounds "9"]
[EventCountry "GER"]
[SourceTitle "EXT 2015"]
[Source "ChessBase"]
[SourceDate "2014.11.20"]
[SourceVersion "1"]
[SourceVersionDate "2014.11.20"]
[SourceQuality "1"]

1. e4 c5 2. Nf3 d6 3. c3 Nf6 4. d3 Nc6 5. h3 Bd7 6. Bf4 Qb6 7. Qc2 g6 8. Nbd2 Bg7 9. Nc4 Qa6 10. Be2 b5 11. Ncd2 Rc8 12. 0-0 0-0 13. Rfe1 Nh5 14. Bh2 Qb6 15. Rab1 a5 16. a4 b4 17. cxb4 Nxb4 18. Qd1 Ra8 19. Nc4 Qc6 20. Nfd2 Rfb8 21. b3 Be6 22. Bxh5 gxh5 23. Re3 f6 24. Qxh5 Nc2 25. Rg3 Nd4 26. Re1 Bf7 27. Qd1 Qb7 28. Rge3 Nxb3 29. f4 Nxd2 30. Nxd2 Qb4 31. f5 Kh8 32. g4 Be8 33. Nc4 Bxa4 34. Qf3 Bh6 0-1

[Event "Hamburg Seniors op 19th"]
[Site "Hamburg"]
[Date "2012.10.25"]
[Round "2"]
[White "Paulsen, Helmut"]
[Black "Klawitter, Bernd"]
[Result "1-0"]
[WhiteElo "1609"]
[BlackElo "1408"]
[PlyCount "81"]
[EventDate "2012.10.24"]
[EventType "swiss"]
[EventRounds "9"]
[EventCountry "GER"]
[SourceTitle "EXT 2015"]
[Source "ChessBase"]
[SourceDate "2014.11.20"]
[SourceVersion "1"]
[SourceVersionDate "2014.11.20"]
[SourceQuality "1"]

1. e4 c6 2. d4 d6 3. Nf3 g6 4. Nc3 Bg7 5. Be2 Na6 6. 0-0 Nc7 7. Be3 e6 8. e5 d5 9. Qd2 Ne7 10. Bg5 h6 11. Bxe7 Qxe7 12. Na4 Bd7 13. Nc5 Rb8 14. Qa5 Bc8 15. Qxa7 Ra8 16. Qb6 0-0 17. c4 dxc4 18. Bxc4 Nd5 19. Qb3 b6 20. Ne4 b5 21. Bxd5 cxd5 22. Nd6 Ba6 23. Rac1 Ra7 24. Rc5 Rd8 25. Rfc1 Rxd6 26. exd6 Qxd6 27. Qa3 Qf4 28. Qe3 Qb8 29. b4 Bf8 30. Rc6 Bxb4 31. Qxh6 Bf8 32. Qh4 Be7 33. Ng5 Bxg5 34. Qxg5 b4 35. h4 Qb5 36. h5 Qd3 37. hxg6 fxg6 38. Rxe6 Rg7 39. Qf6 Bc4 40. Re8+ Kh7 41. Qh4# 1-0

[Event "Hamburg-ch Seniors 18th"]
[Site "Hamburg"]
[Date "2011.11.02"]
[Round "5"]
[White "Paulsen, Helmut"]
[Black "Bieberle, Gerhart"]
[Result "1/2-1/2"]
[WhiteElo "1578"]
[BlackElo "1906"]
[PlyCount "86"]
[EventDate "2011.10.29"]
[EventType "swiss"]
[EventRounds "9"]
[EventCountry "GER"]
[SourceTitle "EXT 2015"]
[Source "ChessBase"]
[SourceDate "2014.11.20"]
[SourceVersion "1"]
[SourceVersionDate "2014.11.20"]
[SourceQuality "1"]

1. e4 g6 2. d4 Bg7 3. Nf3 d6 4. Nc3 Nf6 5. Be2 0-0 6. 0-0 a5 7. Bf4 c6 8. Rb1 Nh5 9. Be3 Nd7 10. d5 c5 11. Nb5 Nb6 12. c4 Nf6 13. Qc2 Ng4 14. Bg5 f6 15. Bh4 Nd7 16. Bg3 Nh6 17. b3 Ne5 18. Nd2 f5 19. f4 Neg4 20. Qd3 fxe4 21. Nxe4 Bf5 22. Bf3 Qd7 23. Qe2 Nf6 24. Rbe1 Nxe4 25. Bxe4 Rae8 26. Bxf5 Nxf5 27. Qe6+ Qxe6 28. Rxe6 Nd4 29. Nxd4 Bxd4+ 30. Kh1 g5 31. f5 Kg7 32. h3 Bf6 33. Be1 Ra8 34. a4 h5 35. g3 Kf7 36. Kg2 Rg8 37. Bd2 Ke8 38. Rfe1 Kd7 39. R1e3 b6 40. Bc3 Bxc3 41. Rxc3 Raf8 42. g4 Rf7 43. Rce3 h4 1/2-1/2

[Event "Hamburg-ch Seniors 18th"]
[Site "Hamburg"]
[Date "2011.10.31"]
[Round "3"]
[White "Paulsen, Helmut"]
[Black "Zippert, Georg"]
[Result "1/2-1/2"]
[WhiteElo "1578"]
[BlackElo "1884"]
[PlyCount "101"]
[EventDate "2011.10.29"]
[EventType "swiss"]
[EventRounds "9"]
[EventCountry "GER"]
[SourceTitle "EXT 2015"]
[Source "ChessBase"]
[SourceDate "2014.11.20"]
[SourceVersion "1"]
[SourceVersionDate "2014.11.20"]
[SourceQuality "1"]

1. e4 e5 2. Nf3 Nc6 3. Bc4 Bc5 4. c3 d6 5. d4 exd4 6. cxd4 Bb4+ 7. Bd2 Bxd2+ 8. Nbxd2 Nf6 9. 0-0 0-0 10. Re1 Bg4 11. e5 dxe5 12. dxe5 Nd5 13. Re4 Bf5 14. Bxd5 Qxd5 15. Re3 Rad8 16. a3 Nd4 17. Nxd4 Qxd4 18. Qf3 Qxd2 19. Qxf5 Qxb2 20. Ree1 Rd5 21. Qb1 Qxb1 22. Raxb1 b6 23. Rb3 Re8 24. Rbe3 Red8 25. f4 g6 26. Kf2 Rd3 27. g4 Rxe3 28. Rxe3 Kf8 29. h4 Ke7 30. f5 gxf5 31. gxf5 Rd4 32. Kg3 h5 33. e6 Rg4+ 34. Kf3 Rxh4 35. Kg3 Rg4+ 36. Kf3 Rg8 37. Kf4 Kf6 38. exf7 Kxf7 39. Re6 Rg4+ 40. Ke5 Rg3 41. Rc6 Re3+ 42. Kf4 Rxa3 43. Rxc7+ Kf6 44. Rc6+ Ke7 45. Rh6 h4 46. Kg5 h3 47. Rh7+ Kf8 48. Kf6 Kg8 49. Rh4 b5 50. Rg4+ Kf8 51. Rh4 1/2-1/2

[Event "Hamburg-ch Seniors 18th"]
[Site "Hamburg"]
[Date "2011.10.30"]
[Round "2"]
[White "Paulsen, Helmut"]
[Black "Kock, Rudolf"]
[Result "1-0"]
[WhiteElo "1578"]
[BlackElo "1736"]
[PlyCount "25"]
[EventDate "2011.10.29"]
[EventType "swiss"]
[EventRounds "9"]
[EventCountry "GER"]
[SourceTitle "EXT 2015"]
[Source "ChessBase"]
[SourceDate "2014.11.20"]
[SourceVersion "1"]
[SourceVersionDate "2014.11.20"]
[SourceQuality "1"]

1. e4 c5 2. Nf3 g6 3. c3 Bg7 4. d4 cxd4 5. Nxd4 Nc6 6. Be3 e5 7. Nf3 Nge7 8. Nbd2 f5 9. exf5 gxf5 10. Ng5 h5 11. Be2 f4 12. Bxh5+ Rxh5 13. Qxh5+ 1-0